00988nam a22002657a 45000010005000000030006000050050017000110080041000280200018000690400029000870500014001160820011001301000016001412450116001572500046002732600038003193000049003575050008004065200176004145210021005905210020006116500032006316500026006637000033006895421FISKH20241204150856.0241204b cb ||||| |||| 00| 0 eng d a9780545398879 aFISKHbengcFISKHdFISKH aPZ7.M9535 a813.54 aMurphy, Jim aOn Enemy Soil : bThe Journal of James Edmond Pease: A Civil War Union Soldier, Virginia, 1863 /cby Jim Murphy aThis edition was printing, September 2012 aNew York : bScholastic ;c1998 . a187 pages : billustrations, maps ;c20 cm . aZ  aJames Edmond, a sixteen-year-old orphan, keeps a journal of his experiences and those of "G" Company which he joined as a volunteer in the Union Army during the Civil War.8 a1070 bLexile 8 aZ bRaz-Plus  aAmerican Civil WarvFiction a19th centuryvFiction aScott, Steve eBook designer